Statistics for Athletics World Record - Men

Click here to take the quiz!

General Stats

  • This quiz has been taken 496 times
    (200 since last reset)
  • The average score is 15 of 43

Answer Stats

EventNationalityAnswer% Correct
100mJamaicanUsain Bolt
99%
200mJamaicanUsain Bolt
99%
Distance Medley RelayUnited States Of America
80%
4x400m RelayUnited States Of America
80%
4x200m RelayJamaica
74%
4x100m Relay-Jamaica
74%
Pole VaultSwedishArmand Duplantis
72%
400m HurdlesNorwegianKarsten Warholm
68%
400mSouth AfricanWayde van Niekerk
62%
MarathonKenyanEliud Kipchoge
54%
800mKenyanDavid Rudisha
52%
High JumpCubanJavier Sotomayor
47%
Triple JumpBritishJonathan Edwards
47%
Road/Ekiden RelayKenya
42%
4x1500m RelayKenya
42%
4x800m RelayKenya
42%
Long JumpAmericanMike Powell
40%
Shot PutAmericanRyan Crouser
40%
DecalthonFrenchKevin Mayer
38%
1500mMoroccanHicham El Guerrouj
34%
1600m/1 MileHicham El Guerrouj
34%
2000mHicham El Guerrouj
34%
JavelinCzechJan Železný
32%
60 minutes trackBritishMo Farah
32%
5000mUgandanJoshua Cheptegei
28%
10000mJoshua Cheptegei
28%
110m HurdlesAmericanAries Merritt
27%
Discus ThrowEast GermanJürgen Schult
16%
50000m WalkFrenchYohann Diniz
12%
50km Walk RoadYohann Diniz
12%
Hammer ThrowSovietYuriy Sedykh
12%
3000mKenyanDavid Komen
11%
Half MarathonUgandanJacob Kiplimo
11%
10km RoadKenyanRhonex Kipruto
10%
3000m SteeplechaseQatariSaif Saaeed Shaheen
9%
1000mNoah Ngeny
7%
5km RoadEthiopianBerihu Aregawi
5%
120 minutes WalkItalianMaurizio Damilano
4%
30000m WalkMaurizio Damilano
4%
20km Walk RoadJapaneseYusuke Suzuki
3%
20000m WalkMexicanBernardo Segura
2%
100km RoadJapaneseNao Kazami
2%
50kmSouth AfricanStephen Mokoka
2%

Score Distribution

Percentile by Number Answered

Percent of People with Each Score

Your Score History

You have not taken this quiz since the last reset